| 000 | 00893cam a22002653a 4500 | ||
|---|---|---|---|
| 001 | 38247 | ||
| 003 | PGUSA | ||
| 005 | 20140828083837.0 | ||
| 008 | 111208s2011||||xxu|||||s|||||000 | eng d | ||
| 040 |
_aPGUSA _beng |
||
| 042 | _adc | ||
| 050 | 4 | _aPQ | |
| 100 | 1 |
_aCoster, Charles de, _d1827-1879 |
|
| 245 | 1 | 4 |
_aThe Legend of Ulenspiegel, Volume I (of 2) : _bAnd Lamme Goedzak, and their Adventures Heroical, Joyous and Glorious in the Land of Flanders and Elsewhere _h[electronic resource] / _cCharles de Coster |
| 260 |
_bProject Gutenberg, _c2011 |
||
| 506 | _aPublic domain in the USA. | ||
| 516 | _aElectronic text | ||
| 653 | _aAdventure stories | ||
| 653 | _aEulenspiegel (Satire) -- Legends | ||
| 700 | 1 | _aAtkinson, F. M. | |
| 740 | 0 | _aLégende d'Ulenspiegel. English | |
| 830 | 0 |
_aProject Gutenberg _v38247 |
|
| 856 | 4 | 0 | _uhttp://www.gutenberg.org/ebooks/38247 |
| 942 | _cEB | ||
| 999 |
_c267501 _d267501 |
||